මුල්ලේරියා අභිමානය /

Mulleriya abhimanaya
Saved in:
Bibliographic Details
Main Author: ප්‍රේමචන්ද්‍ර, අශෝක
Format: Book
Published: මුල්ලේරියාව : කර්තෘ, 2007, 2025.
Subjects:
Tags: Add Tag
No Tags, Be the first to tag this record!

MARC

LEADER 00000nam a2200000 a 4500
003 LK-CoNLD
005 20260402141644.0
008 260402b |||||||| |||| 00| 0 ||| d
017 |a 506985  |b LK-CoNLD 
020 |a 9789559985631 
040 |a LK-CoNLD  |b SIN  |c LK-CoNLD  |d LK-CoNLD 
082 |a 954.93 
100 |a ප්‍රේමචන්ද්‍ර, අශෝක  |9 3021 
245 |6 880-1  |a මුල්ලේරියා අභිමානය /  |c අශෝක ප්‍රේමචන්ද්‍ර. 
260 |a මුල්ලේරියාව :  |b කර්තෘ,  |c 2007, 2025. 
300 |a පි. xii, 248 ; 
300 |a පි. ix,221 : රූපසටහන් ; 
653 |a Sri Lanka - History 
880 |6 245-1  |a Mulleriya abhimanaya 
942 |c BOOK 
945 |c 18246  |d Chamari MUTHUMALI 
999 |c 144061  |d 144061